Normal view
MARC view
- Supervisor DR MOAZZAM A.KHAN
Entry Personal Name
001 - CONTROL NUMBER
- control field: 70025
003 - CONTROL NUMBER IDENTIFIER
- control field: NUST
005 - DATE AND TIME OF LATEST TRANSACTION
- control field: 20210628204343.0
008 - FIXED-LENGTH DATA ELEMENTS
- fixed length control field: 210628|| aca||aabn | a|a d
040 ## - CATALOGING SOURCE
- Original cataloging agency: NUST
- Transcribing agency: NUST
100 ## - HEADING--PERSONAL NAME
- Personal name: Supervisor DR MOAZZAM A.KHAN
670 ## - SOURCE DATA FOUND
- Source citation: Work cat.: (NUST): NOSHEEN AKHTAR 70024, TH-SOF-1398-EFFICIENT ROUTING STRATEGY FOR CONGESTION AVOIDANCE IN MANETS, 2017
